| 000 | 00914nam a22002537a 4500 | ||
|---|---|---|---|
| 005 | 20080808145417.0 | ||
| 008 | 080808t xxu||||| |||| 00| 0beng d | ||
| 010 | _aENG-90693 | ||
| 020 |
_a0195695038 _c395.00 |
||
| 035 | _aEN-74226 | ||
| 037 | _bDBAD / PUB | ||
| 040 |
_aDPL _bENGLISH |
||
| 082 | _a921 | ||
| 100 | _aSen, Amiya P. | ||
| 245 |
_aBankim Chandra Chattopadhyay : _cby Amiya P. Sen _ban intellectual biography / |
||
| 260 |
_aNew Delhi _bOxford University Press _c2008 |
||
| 300 |
_ax, 133 p. _c22cm.(Hb) |
||
| 500 | _aIncludes appendix | ||
| 520 | _a With special reference to India. | ||
| 600 | _aChatterji, Bankim Chandra, 1838-1894 | ||
| 650 |
_aNovelists, Indian (Bengali) _xBiography _y19th century |
||
| 942 |
_2ddc _cEN _h921 _mCHA |
||
| 999 |
_c14775 _d14775 |
||